Migration, social networks, and credit: empirical evidence from Peru /

محفوظ في:
التفاصيل البيبلوغرافية
المؤلف الرئيسي: Laszlo, Sonia
مؤلفون آخرون: Santor, Eric
التنسيق: نص
الوسوم: إضافة وسم
لا توجد وسوم, كن أول من يضع وسما على هذه التسجيلة!

MARC

LEADER 00000 a a2200000 04500
001 40834
003
040
100 |a Laszlo, Sonia  
245 |a Migration, social networks, and credit:   |b empirical evidence from Peru /  |c Sonia Laszlo ; Eric Santor  
700 |a Santor, Eric  
773 |g volumen47, número4 (2009), páginas 383-409 : tablas  
999 |c 24688  |d 24688